Better Call Saul Episode Titles Literally - Statistics

General Stats
  • This quiz has been taken 43 times
  • The average score is 31 of 63
Answer Stats
Picture Answer % Correct
Uno
92%
Bingo
88%
Breaking Bad
81%
Lantern
81%
Piñata
81%
Slip
81%
Axe and Grind
77%
Carrot and Stick
77%
Dedicado a Max
77%
Five-O
77%
Mijo
77%
Smoke
77%
Switch
77%
Winner
77%
Breathe
73%
Nippy
73%
50% Off
69%
Gloves Off
69%
Point and Shoot
69%
Talk
69%
Nacho
65%
Mabel
62%
Alpine Shepherd Boy
58%
Magic Man
58%
Nailed
58%
Rock and Hard Place
58%
Cobbler
54%
Hero
54%
Saul Gone
54%
Wexler v Goodman
54%
Wiedersehen
54%
Hit and Run
50%
Rico
50%
Wine and Roses
50%
Black and Blue
46%
Fall
46%
Inflatable
46%
Expenses
42%
Fun and Games
38%
Namaste
38%
Something Beautiful
38%
Waterworks
38%
Fifi
35%
Rebecca
35%
Sabrosito
35%
Off Brand
31%
Plan and Execution
31%
Sunk Costs
31%
Amarillo
27%
Bagman
27%
Marco
27%
Something Stupid
27%
Something Unforgivable
27%
Bad Choice Road
23%
Quite A Ride
23%
The Guy For This
23%
Chicanery
19%
Witness
19%
JMM
15%
Pimento
15%
Bali Ha'i
8%
Coushatta
8%
Klick
8%
No matching quizzes found
Score Distribution
Percent of People with Each Score
Percentile by Number Answered
Your Score History
You have not taken this quiz